|
|
|
|
| LEADER |
01004cam a2200253 7i4500 |
| 001 |
0000059935 |
| 005 |
20210702090000.0 |
| 020 |
|
|
|a 9780429505188 (electronic book)
|
| 090 |
0 |
0 |
|a AZ105
|b .R75 2020
|
| 245 |
0 |
4 |
|a The Routledge companion to digital humanities and art history
|c edited by Kathryn Brown.
|
| 264 |
|
|
|a New York, NY:
|b Routledge,
|c 2020.
|
| 300 |
|
|
|a 1 online resource (498 pages):
|b illustrations, text file, PDF.
|
| 336 |
|
|
|a text
|2 rdacontent
|
| 337 |
|
|
|a computer
|2 rdamedia
|
| 338 |
|
|
|a online resource
|2 rdacarrier
|
| 490 |
0 |
|
|a Routledge art history and visual studies companions
|
| 650 |
|
0 |
|a Art --
|x Historiography --
|x Data processing
|
| 650 |
|
0 |
|a Digital humanities
|
| 655 |
|
0 |
|a Electronic books
|
| 700 |
1 |
|
|a Brown, Kathryn
|
| 856 |
4 |
2 |
|u http://library.unisel.edu.my/web/guest/mylibrary
|
| 997 |
|
|
|a Communication, Visual Art & Computing, Faculty
|b Visual Art, Department
|
| 998 |
|
|
|a Digital Graphic Design, Diploma
|
| 999 |
|
|
|a EBO0005556
|b EBOOK
|c EBOOK
|e Electronic resources
|